[Event "Europa ch 2014"]
[Site "Yerevan ARM"]
[Date "2014.03.05"]
[Round "3.42"]
[White "Ivanisevic, Ivan"]
[Black "Jurcik, Marian"]
[Result "1/2-1/2"]
[WhiteElo "2633"]
[BlackElo "2481"]
[PlyCount "111"]
[EventDate "2014.03.03"]
[EventType "swiss"]
[EventRounds "11"]
[EventCountry "ARM"]
[Source "lmi"]
[SourceDate "2014.03.02"]

1. d4 Nf6 2. c4 b6 3. f3 Nc6 4. Nc3 e5 5. d5 Na5 6. e4 Bb4 7. Bd2 O-O 8. a3 Be7
9. Bd3 Ne8 10. Nge2 Bg5 11. b4 Bxd2+ 12. Kxd2 Nb7 13. Ng3 a5 14. Nf5 axb4 15.
axb4 Rxa1 16. Qxa1 c5 17. Qa3 d6 18. Ne3 cxb4 19. Qxb4 Nc5 20. Na4 Nf6 21. Rb1
Nfd7 22. Nxc5 Nxc5 23. Qxb6 Qe7 24. Ke2 g6 25. Ra1 Bd7 26. Ra7 Rc8 27. Bc2 Qf8
28. g3 Rb8 29. Qa5 Rc8 30. Kf2 f5 31. exf5 gxf5 32. Kg2 f4 33. Nd1 Bf5 34. Bxf5
Qxf5 35. Nf2 e4 36. Qc3 exf3+ 37. Qxf3 Rf8 38. Qxf4 Qxf4 39. gxf4 Rxf4 40. Ra8+
Kf7 41. Rd8 Ke7 42. Rh8 Rxc4 43. Rxh7+ Kf6 44. Rh6+ Ke5 45. Rh5+ Kf6 46. h4 Rf4
47. Kg3 Rf5 48. Ng4+ Kg6 49. Rxf5 Kxf5 50. Kf3 Kg6 51. Ne3 Nd7 52. Ke4 Nf6+ 53.
Kd4 Kh5 54. Ng2 Kg4 55. Kc4 Kg3 56. Ne3 1/2-1/2

[Event "Europa ch 2014"]
[Site "Yerevan ARM"]
[Date "2014.03.05"]
[Round "3.44"]
[White "Bulmaga, Irina"]
[Black "Tregubov, Pavel V"]
[Result "0-1"]
[WhiteElo "2375"]
[BlackElo "2614"]
[PlyCount "114"]
[EventDate "2014.03.03"]
[EventType "swiss"]
[EventRounds "11"]
[EventCountry "ARM"]
[Source "lmi"]
[SourceDate "2014.03.02"]

1. e4 c5 2. Nf3 e6 3. d4 cxd4 4. Nxd4 Nc6 5. Nc3 Nf6 6. Ndb5 d6 7. Bf4 e5 8.
Bg5 a6 9. Na3 b5 10. Nd5 Be7 11. Bxf6 Bxf6 12. c4 b4 13. Nc2 O-O 14. h4 Rb8 15.
b3 Be7 16. g3 Be6 17. Qd2 a5 18. Rd1 Rb7 19. Bh3 Qa8 20. Bg2 Bd8 21. O-O Qa7
22. Kh1 Rd7 23. Qe2 Bb6 24. f4 Nd4 25. Nxd4 Bxd4 26. f5 Bxd5 27. exd5 f6 28.
Be4 a4 29. Bc2 axb3 30. Bxb3 Kh8 31. Qe4 Qa8 32. g4 Ra7 33. Rd2 Qe8 34. Re2 g6
35. Rd1 gxf5 36. Qxf5 Qg6 37. Rf1 Rg7 38. g5 Qh5 39. Rh2 Rgf7 40. g6 Qxf5 41.
Rxf5 hxg6 42. Rf1 f5 43. Rg2 Kh7 44. h5 gxh5 45. Bd1 Rg7 46. Bxh5 Rxg2 47. Kxg2
Kh6 48. Bd1 e4 49. Rh1+ Kg5 50. Rh5+ Kf4 51. Rh6 Rg8+ 52. Kf1 Rg1+ 53. Ke2 Rg2+
54. Kf1 Rf2+ 55. Ke1 Rxa2 56. Rxd6 Ke3 57. Rh6 f4 0-1

[Event "Europa ch 2014"]
[Site "Yerevan ARM"]
[Date "2014.03.05"]
[Round "3.45"]
[White "Melkumyan, Hrant"]
[Black "Alekseenko, Kirill"]
[Result "1-0"]
[WhiteElo "2613"]
[BlackElo "2461"]
[PlyCount "61"]
[EventDate "2014.03.03"]
[EventType "swiss"]
[EventRounds "11"]
[EventCountry "ARM"]
[Source "lmi"]
[SourceDate "2014.03.02"]

1. d4 Nf6 2. c4 e6 3. Nf3 b6 4. g3 Ba6 5. b3 Bb4+ 6. Bd2 Be7 7. Nc3 Bb7 8. Bg2
O-O 9. O-O d5 10. cxd5 exd5 11. Ne5 Nbd7 12. Bf4 c6 13. Rc1 Nxe5 14. Bxe5 Re8
15. e4 dxe4 16. Nxe4 Nd5 17. Nc3 Ba3 18. Nxd5 cxd5 19. Qg4 f6 20. Rc7 Re7 21.
Rxb7 Rxb7 22. Bxf6 Qd6 23. Qg5 Rd7 24. Bxg7 Re8 25. Bf6+ Kf8 26. Bf3 Bb2 27.
Rd1 Qc6 28. Bh5 Qc2 29. Qg4 Ree7 30. Bxe7+ Rxe7 31. Qf4+ 1-0

[Event "Europa ch 2014"]
[Site "Yerevan ARM"]
[Date "2014.03.05"]
[Round "3.46"]
[White "Schlosser, Philipp"]
[Black "Kozlitin, Roman"]
[Result "1-0"]
[WhiteElo "2612"]
[BlackElo "2365"]
[PlyCount "85"]
[EventDate "2014.03.03"]
[EventType "swiss"]
[EventRounds "11"]
[EventCountry "ARM"]
[Source "lmi"]
[SourceDate "2014.03.02"]

1. Nf3 Nf6 2. c4 e6 3. g3 d5 4. b3 d4 5. Bg2 Nc6 6. O-O e5 7. d3 a5 8. Na3 Bf5
9. Nc2 Bd6 10. e3 dxe3 11. Nxe3 Bg6 12. Bb2 O-O 13. d4 e4 14. Nh4 Bh5 15. f3
Re8 16. Nhf5 Bf8 17. g4 exf3 18. Qxf3 Bg6 19. Rad1 a4 20. d5 Ne5 21. Qf4 Ned7
22. Bd4 axb3 23. axb3 Bc5 24. Rf2 Bxd4 25. Qxd4 Ne5 26. h3 Ra3 27. Qb2 Ra6 28.
c5 Qa8 29. d6 cxd6 30. cxd6 Nfd7 31. Kh2 Qb8 32. Qd4 Re6 33. Qf4 Rb6 34. Bd5
Re8 35. Ne7+ Kh8 36. Nc4 Nxc4 37. Bxc4 f6 38. Nxg6+ hxg6 39. g5 fxg5 40. Qxg5
Re5 41. Qxg6 Nf8 42. Qf7 Nh7 43. Qc7 1-0

[Event "Europa ch 2014"]
[Site "Yerevan ARM"]
[Date "2014.03.05"]
[Round "3.48"]
[White "Simonian, Tigran"]
[Black "Grachev, Boris"]
[Result "1/2-1/2"]
[WhiteElo "2425"]
[BlackElo "2675"]
[PlyCount "84"]
[EventDate "2014.03.03"]
[EventType "swiss"]
[EventRounds "11"]
[EventCountry "ARM"]
[Source "lmi"]
[SourceDate "2014.03.02"]

1. d4 e6 2. c4 Nf6 3. Nf3 d5 4. Nc3 Nbd7 5. Bg5 Be7 6. e3 h6 7. Bh4 O-O 8. Rc1
a6 9. a3 dxc4 10. Bxc4 c5 11. Ba2 b5 12. O-O Bb7 13. Bb1 Rc8 14. Qe2 b4 15.
axb4 cxb4 16. Na4 Qa5 17. b3 g5 18. Bg3 Qd5 19. Rc4 Rxc4 20. bxc4 Qa5 21. Bc2
Ne4 22. Nd2 Ndf6 23. Ra1 Rd8 24. Nb3 Nxg3 25. hxg3 Qc7 26. Nac5 Bxc5 27. Nxc5
a5 28. Nxb7 Qxb7 29. Rxa5 b3 30. Bb1 Qb4 31. Rb5 Qc3 32. Kh2 Rc8 33. c5 h5 34.
f3 Ra8 35. Qd1 b2 36. Qc2 Qxe3 37. Qxb2 Ra3 38. c6 Ng4+ 39. fxg4 Qxg3+ 40. Kg1
Qe1+ 41. Kh2 Qh4+ 42. Kg1 Qe1+ 1/2-1/2

[Event "Europa ch 2014"]
[Site "Yerevan ARM"]
[Date "2014.03.05"]
[Round "3.49"]
[White "Volokitin, Andrei"]
[Black "Grishchenko, Sergey1"]
[Result "0-1"]
[WhiteElo "2674"]
[BlackElo "2431"]
[PlyCount "102"]
[EventDate "2014.03.03"]
[EventType "swiss"]
[EventRounds "11"]
[EventCountry "ARM"]
[Source "lmi"]
[SourceDate "2014.03.02"]

1. e4 c6 2. d4 d5 3. e5 c5 4. dxc5 e6 5. Bd3 Nd7 6. Nf3 Ne7 7. O-O Nc6 8. c4
dxc4 9. Bxc4 Ndxe5 10. Nxe5 Qxd1 11. Rxd1 Nxe5 12. Bb5+ Bd7 13. Nc3 Bxc5 14.
Bf4 Nc6 15. Ne4 Be7 16. Bd6 a6 17. Ba4 b5 18. Nc5 Rd8 19. Bb3 Bc8 20. Bxe7 Kxe7
21. a4 Rxd1+ 22. Bxd1 Rd8 23. axb5 axb5 24. Bf3 Nd4 25. Ra7+ Kf6 26. Ra8 Nxf3+
27. gxf3 Rd1+ 28. Kg2 Bd7 29. Rb8 Bc6 30. Rb6 Be8 31. Rb8 Ke7 32. Rb7+ Kf8 33.
Rb6 Rd2 34. b3 Rd5 35. Ne4 h6 36. Rb8 f5 37. Nc3 Rd3 38. Rc8 Ke7 39. Rc5 b4 40.
Na2 Rxb3 41. Rc4 Bh5 42. Rxb4 Bxf3+ 43. Kf1 Rxb4 44. Nxb4 Kf6 45. h4 f4 46. Nd3
Kf5 47. Kg1 Be4 48. Nc5 Bd5 49. Kh2 Kg4 50. Nd3 Be4 51. Nc5 Bf5 0-1

[Event "Europa ch 2014"]
[Site "Yerevan ARM"]
[Date "2014.03.05"]
[Round "3.50"]
[White "Paravyan, David"]
[Black "Saric, Ivan"]
[Result "0-1"]
[WhiteElo "2423"]
[BlackElo "2661"]
[PlyCount "104"]
[EventDate "2014.03.03"]
[EventType "swiss"]
[EventRounds "11"]
[EventCountry "ARM"]
[Source "lmi"]
[SourceDate "2014.03.02"]

1. d4 Nf6 2. c4 e6 3. Nc3 Bb4 4. e3 d5 5. a3 Bxc3+ 6. bxc3 O-O 7. cxd5 exd5 8.
Bd3 c5 9. Ne2 b6 10. O-O Ba6 11. Bxa6 Nxa6 12. f3 Nc7 13. Ng3 Re8 14. Ra2 Rc8
15. a4 Ne6 16. Bb2 cxd4 17. cxd4 h5 18. e4 g6 19. e5 h4 20. Ne2 Nh5 21. Qd2 Qg5
22. Qxg5 Nxg5 23. Rc1 Ne6 24. g3 g5 25. Kf2 hxg3+ 26. hxg3 Nhg7 27. Raa1 Nf5
28. g4 Ne7 29. Ke3 Nc6 30. Kd3 Na5 31. Rxc8 Rxc8 32. Rc1 Nc4 33. Rc2 b5 34.
axb5 Rb8 35. Rxc4 dxc4+ 36. Kxc4 a6 37. d5 axb5+ 38. Kb4 Nc7 39. d6 Na6+ 40.
Ka5 Nc5 41. Nd4 b4 42. Nc6 Rb7 43. Nxb4 Kf8 44. Ba3 Ke8 45. Nd5 Nd3 46. Bb4
Nxe5 47. Bd2 Kd7 48. Bxg5 Kxd6 49. Nc3 Nxf3 50. Bf4+ Kc6 51. Ka4 Nd4 52. Be3
Ra7+ 0-1

[Event "Europa ch 2014"]
[Site "Yerevan ARM"]
[Date "2014.03.05"]
[Round "3.51"]
[White "Lysyj, Igor"]
[Black "Petrosyan, Tigran S"]
[Result "1-0"]
[WhiteElo "2655"]
[BlackElo "2425"]
[PlyCount "36"]
[EventDate "2014.03.03"]
[EventType "swiss"]
[EventRounds "11"]
[EventCountry "ARM"]
[Source "lmi"]
[SourceDate "2014.03.02"]

1. d4 d5 2. c4 c6 3. Nf3 Nf6 4. e3 e6 5. Bd3 Nbd7 6. O-O Bd6 7. Nbd2 O-O 8. e4
e5 9. cxd5 cxd5 10. Re1 Qc7 11. exd5 exd4 12. Nc4 Nb6 13. Nxd6 Qxd6 14. Nxd4
Nbxd5 15. b3 Bg4 16. Qd2 Rfd8 17. Bb2 Nb4 18. Bc2 Rac8 1-0

[Event "Europa ch 2014"]
[Site "Yerevan ARM"]
[Date "2014.03.05"]
[Round "3.52"]
[White "Sutovsky, Emil"]
[Black "Goryachkina, Aleksandra"]
[Result "1-0"]
[WhiteElo "2652"]
[BlackElo "2424"]
[PlyCount "89"]
[EventDate "2014.03.03"]
[EventType "swiss"]
[EventRounds "11"]
[EventCountry "ARM"]
[Source "lmi"]
[SourceDate "2014.03.02"]

1. e4 c5 2. Nf3 Nc6 3. Bb5 g6 4. Bxc6 dxc6 5. d3 Bg7 6. h3 b6 7. O-O Nf6 8. Nc3
Nd7 9. Be3 O-O 10. Qd2 Re8 11. Bh6 Bh8 12. Ng5 Ne5 13. Rad1 f6 14. f4 fxg5 15.
fxe5 Qd4+ 16. Kh1 Qxe5 17. Bxg5 Be6 18. Bf4 Qd4 19. Bh6 Rad8 20. Rf3 Bg7 21.
Bxg7 Kxg7 22. b3 Rf8 23. Rdf1 Rxf3 24. Rxf3 c4 25. bxc4 Bxc4 26. Qe1 Be6 27.
Ne2 Bxa2 28. c4 a5 29. Nf4 Qe5 30. Qf2 Bb3 31. Qxb6 Rb8 32. Qxc6 Bc2 33. c5 a4
34. d4 Qxd4 35. Qe6 Kh8 36. c6 Bxe4 37. c7 Rb1+ 38. Kh2 Qg1+ 39. Kg3 Qe1+ 40.
Rf2 Qc3+ 41. Kh2 Qxc7 42. Qxe4 Rc1 43. g3 Qa7 44. Qe5+ Kg8 45. Qd5+ 1-0

[Event "Europa ch 2014"]
[Site "Yerevan ARM"]
[Date "2014.03.05"]
[Round "3.53"]
[White "Berchtenbreiter, Maximilian"]
[Black "Ragger, Markus"]
[Result "0-1"]
[WhiteElo "2421"]
[BlackElo "2644"]
[PlyCount "37"]
[EventDate "2014.03.03"]
[EventType "swiss"]
[EventRounds "11"]
[EventCountry "ARM"]
[Source "lmi"]
[SourceDate "2014.03.02"]

1. d4 d5 2. Nf3 Nf6 3. c4 c6 4. Nc3 e6 5. e3 Nbd7 6. Qc2 Bd6 7. g4 h6 8. Rg1 e5
9. cxd5 cxd5 10. h4 e4 11. g5 hxg5 12. hxg5 exf3 13. gxf6 Nxf6 14. Bd2 Bf8 15.
O-O-O Ng4 16. Be1 Be6 17. Kb1 Rc8 18. e4 Rc4 19. exd5 0-1

[Event "Europa ch 2014"]
[Site "Yerevan ARM"]
[Date "2014.03.05"]
[Round "3.54"]
[White "Nakar, Eylon"]
[Black "Beliavsky, Alexander G"]
[Result "1-0"]
[WhiteElo "2409"]
[BlackElo "2643"]
[PlyCount "78"]
[EventDate "2014.03.03"]
[EventType "swiss"]
[EventRounds "11"]
[EventCountry "ARM"]
[Source "lmi"]
[SourceDate "2014.03.02"]

1. c4 e6 2. Nc3 d5 3. d4 c6 4. Nf3 Nf6 5. e3 Nbd7 6. Bd3 dxc4 7. Bxc4 b5 8. Bd3
a6 9. a4 b4 10. Ne4 c5 11. O-O Bb7 12. Ng3 Be7 13. Qe2 O-O 14. Ne5 Nxe5 15.
dxe5 Qd5 16. f4 Ne8 17. Rd1 Qc6 18. Be4 Qc7 19. b3 f5 20. exf6 Nxf6 21. Bxb7
Qxb7 22. e4 c4 23. bxc4 Bc5+ 24. Kh1 h5 25. e5 Ng4 26. Rf1 Rad8 27. h3 Nf2+ 28.
Rxf2 Bxf2 29. Qxf2 Rd1+ 30. Kh2 h4 31. Ne2 Qe4 32. Ra2 Qxc4 33. Rb2 a5 34. Be3
Qe4 35. Bb6 Rc8 36. Qxh4 Rc2 37. Rxc2 Qxc2 38. Nd4 Qc1 39. Qd8+ Kh7 1-0

[Event "Europa ch 2014"]
[Site "Yerevan ARM"]
[Date "2014.03.05"]
[Round "3.55"]
[White "Nadanian, Ashot"]
[Black "Oleksienko, Mikhailo"]
[Result "0-1"]
[WhiteElo "2399"]
[BlackElo "2640"]
[PlyCount "76"]
[EventDate "2014.03.03"]
[EventType "swiss"]
[EventRounds "11"]
[EventCountry "ARM"]
[Source "lmi"]
[SourceDate "2014.03.02"]

1. e4 c5 2. Nf3 e6 3. d4 cxd4 4. Nxd4 a6 5. Nc3 b5 6. Bd3 Qb6 7. Nf3 Qc7 8. O-O
Bb7 9. Re1 Be7 10. e5 f5 11. Nh4 g6 12. Nf3 Nc6 13. a4 b4 14. Nb1 Bc5 15. Nbd2
Na5 16. Nb3 Nxb3 17. cxb3 h6 18. Be3 Bxe3 19. Rxe3 Ne7 20. Bc4 Nd5 21. Bxd5
Bxd5 22. Nh4 Kf7 23. Nxg6 Kxg6 24. Rg3+ Kf7 25. Qh5+ Ke7 26. Qh4+ Ke8 27. Re1
Qc5 28. Rg7 Qf8 29. Qh5+ Kd8 30. Qh4+ Kc7 31. Rc1+ Bc6 32. Rg3 Rg8 33. Qd4 Rg4
34. Rxg4 fxg4 35. a5 Rb8 36. Qxg4 Qg8 37. Qh3 Qg5 38. Re1 Rg8 0-1

[Event "Europa ch 2014"]
[Site "Yerevan ARM"]
[Date "2014.03.05"]
[Round "3.56"]
[White "Petrosian, Tigran L"]
[Black "Harutyunian, Tigran K"]
[Result "0-1"]
[WhiteElo "2639"]
[BlackElo "2422"]
[PlyCount "106"]
[EventDate "2014.03.03"]
[EventType "swiss"]
[EventRounds "11"]
[EventCountry "ARM"]
[Source "lmi"]
[SourceDate "2014.03.02"]

1. Nf3 Nf6 2. g3 b6 3. Bg2 Bb7 4. O-O e6 5. d3 d5 6. Nbd2 Nbd7 7. Re1 Be7 8. e4
dxe4 9. dxe4 Nc5 10. Qe2 Ncxe4 11. Ne5 Nd6 12. Bxb7 Nxb7 13. Qb5+ Kf8 14. Ndf3
Qe8 15. Qe2 h6 16. b3 Bb4 17. Rd1 Nd5 18. c4 Nc3 19. Qe1 Nxd1 20. Qxb4+ c5 21.
Qe1 Rd8 22. Bd2 f6 23. Qe4 fxe5 24. Qxb7 Nb2 25. Bc3 Nd3 26. Qe4 Rd7 27. Bxe5
Nxe5 28. Nxe5 Rd4 29. Qb7 Kg8 30. Qxa7 Kh7 31. Qxb6 Qh5 32. Re1 Rhd8 33. Qxc5
Rd1 34. Rxd1 Rxd1+ 35. Kg2 Qe2 36. Qe3 Qf1+ 37. Kf3 Rd8 38. Kg4 Qb1 39. Kh3
Qf1+ 40. Kg4 Qb1 41. Kh4 Qh1 42. Ng4 Qg2 43. f4 Qxa2 44. h3 Qc2 45. Qxe6 Rb8
46. f5 Rf8 47. Qg6+ Kh8 48. c5 Rxf5 49. c6 Qc5 50. Qe8+ Kh7 51. Qe4 g6 52. Ne3
Re5 53. Qd3 Re4+ 0-1

[Event "Europa ch 2014"]
[Site "Yerevan ARM"]
[Date "2014.03.05"]
[Round "3.57"]
[White "Swiercz, Dariusz"]
[Black "Bagaturov, Giorgi"]
[Result "1/2-1/2"]
[WhiteElo "2631"]
[BlackElo "2408"]
[PlyCount "95"]
[EventDate "2014.03.03"]
[EventType "swiss"]
[EventRounds "11"]
[EventCountry "ARM"]
[Source "lmi"]
[SourceDate "2014.03.02"]

1. e4 d6 2. d4 Nf6 3. Nc3 e5 4. Nf3 Nbd7 5. Bc4 Be7 6. O-O O-O 7. a4 a5 8. Re1
c6 9. Ba2 exd4 10. Nxd4 Nc5 11. Bf4 Ng4 12. h3 Ne5 13. Be3 Re8 14. f4 Ng6 15.
Nf3 Be6 16. Bxe6 fxe6 17. Bxc5 dxc5 18. Qxd8 Raxd8 19. g3 Nf8 20. e5 Nd7 21.
Ne4 Nb6 22. Kf2 c4 23. Ke2 h6 24. Reb1 Rd7 25. b3 Red8 26. bxc4 Nxc4 27. Rb3
Bb4 28. Rab1 Na3 29. c3 Bf8 30. Ra1 Nc4 31. Nd4 Rxd4 32. cxd4 Rxd4 33. Nd6 Rd2+
34. Ke1 Rh2 35. Rd1 Rh1+ 36. Ke2 Rh2+ 37. Ke1 Rh1+ 38. Ke2 Rh2+ 39. Kf3 Nd2+
40. Rxd2 Rxd2 41. Nc4 Ra2 42. Nxa5 b5 43. Nxc6 bxa4 44. Rb8 a3 45. Nd4 Rb2 46.
Ra8 Kf7 47. Ra7+ Kg6 48. Ke4 1/2-1/2

[Event "Europa ch 2014"]
[Site "Yerevan ARM"]
[Date "2014.03.05"]
[Round "3.58"]
[White "Lugovskoy, Maxim"]
[Black "Perunovic, Milos"]
[Result "0-1"]
[WhiteElo "2397"]
[BlackElo "2617"]
[PlyCount "112"]
[EventDate "2014.03.03"]
[EventType "swiss"]
[EventRounds "11"]
[EventCountry "ARM"]
[Source "lmi"]
[SourceDate "2014.03.02"]

1. e4 c5 2. Nf3 Nc6 3. Bb5 d6 4. O-O Bd7 5. Re1 Nf6 6. c3 a6 7. Bf1 Bg4 8. h3
Bxf3 9. Qxf3 e6 10. d3 Be7 11. Be3 O-O 12. Nd2 d5 13. exd5 Nxd5 14. Rad1 Qc7
15. Nb3 Ne5 16. Qe2 Nxe3 17. Qxe3 Ng6 18. g3 Rad8 19. h4 Bd6 20. Bg2 Ne7 21.
Qf3 Rd7 22. Nd2 Rfd8 23. Ne4 Nc6 24. Qh5 b6 25. Qf3 Bf8 26. Ng5 Rd6 27. Qe4 g6
28. h5 Bh6 29. Nf3 Bg7 30. hxg6 hxg6 31. Qh4 Rxd3 32. Rxd3 Rxd3 33. Ng5 Qd7 34.
Kh2 Ne7 35. Qf4 Nf5 36. Bf1 Rd6 37. Ne4 e5 38. Qf3 Re6 39. Bc4 Re8 40. Bxa6 Rd8
41. Bc4 b5 42. Bf1 Qc6 43. Bh3 Ne7 44. Qe2 Bh6 45. Bg2 f5 46. Ng5 e4 47. Nh3
Rd2 48. Qf1 Rxb2 49. Rd1 Nd5 50. c4 Nf6 51. Rd8+ Kf7 52. Kg1 Qb6 53. Qd1 bxc4
54. Bf1 Rb1 55. Rd7+ Ke8 56. Rd6 c3 0-1

[Event "Europa ch 2014"]
[Site "Yerevan ARM"]
[Date "2014.03.05"]
[Round "3.59"]
[White "Grigoryan, Avetik"]
[Black "Oganian, Miran"]
[Result "1-0"]
[WhiteElo "2583"]
[BlackElo "2376"]
[PlyCount "133"]
[EventDate "2014.03.03"]
[EventType "swiss"]
[EventRounds "11"]
[EventCountry "ARM"]
[Source "lmi"]
[SourceDate "2014.03.02"]

1. g3 Nf6 2. Bg2 d5 3. Nf3 e6 4. O-O Be7 5. d3 b6 6. Nbd2 Bb7 7. b3 O-O 8. Bb2
c5 9. Re1 Nc6 10. e4 Qc7 11. Qe2 Rad8 12. e5 Nd7 13. c4 d4 14. Nf1 Rde8 15. Bc1
Qb8 16. h4 Bd8 17. N1h2 Bc7 18. Ng4 h5 19. Ngh2 Ncxe5 20. Nxe5 Nxe5 21. f4 Ng4
22. Nxg4 hxg4 23. Qxg4 f5 24. Qh5 Bxg2 25. Kxg2 e5 26. fxe5 Bxe5 27. Qf3 Qd6
28. Bg5 Re6 29. Re2 Bf6 30. Rxe6 Qxe6 31. Bd2 Re8 32. Re1 Qd7 33. Rxe8+ Qxe8
34. Qd5+ Kh8 35. Kf2 Qg6 36. Bf4 Kh7 37. Bb8 f4 38. Qf3 fxg3+ 39. Bxg3 Qh6 40.
Qe4+ Kh8 41. Kf3 Qc1 42. Qe2 Qh6 43. Qe8+ Kh7 44. Qe4+ Kh8 45. Kg4 g6 46. Qf4
Qf8 47. Qb8 Bd8 48. Qe5+ Kh7 49. Qe6 Be7 50. a4 Kg7 51. Be5+ Kh7 52. Bc7 Kg7
53. Bg3 Kh7 54. Be5 Bxh4 55. Kxh4 Qh6+ 56. Kg4 Qh5+ 57. Kf4 Qh6+ 58. Kg3 Qg5+
59. Kf3 Qe3+ 60. Kg4 Qg1+ 61. Bg3 Qd1+ 62. Kg5 Qh5+ 63. Kf4 g5+ 64. Ke5 Qe2+
65. Kf6 Qxd3 66. Qd7+ Kh6 67. Qh3# 1-0

[Event "Europa ch 2014"]
[Site "Yerevan ARM"]
[Date "2014.03.05"]
[Round "3.60"]
[White "Arabidze, Meri"]
[Black "Svetushkin, Dmitry"]
[Result "1/2-1/2"]
[WhiteElo "2388"]
[BlackElo "2582"]
[PlyCount "188"]
[EventDate "2014.03.03"]
[EventType "swiss"]
[EventRounds "11"]
[EventCountry "ARM"]
[Source "lmi"]
[SourceDate "2014.03.02"]

1. d4 d5 2. c4 c6 3. Nf3 Nf6 4. e3 Bf5 5. Nc3 e6 6. Nh4 Bg6 7. Be2 Nbd7 8. O-O
Bd6 9. g3 Qe7 10. Bd2 dxc4 11. Nxg6 hxg6 12. Bxc4 e5 13. Re1 g5 14. Qb3 Nb6 15.
Bf1 e4 16. Bg2 Kf8 17. a4 Nbd5 18. a5 a6 19. Qc2 Re8 20. f3 exf3 21. Bxf3 Qd7
22. Re2 Qh3 23. Nxd5 cxd5 24. Be1 Qe6 25. Qb3 Re7 26. Bb4 Bxb4 27. Qxb4 g6 28.
Rc1 Kg7 29. Rc5 Rhe8 30. Qb3 Qf5 31. e4 Nxe4 32. Rxd5 Qc8 33. Qc2 Rc7 34. Qd3
Rc1+ 35. Kg2 f5 36. Bxe4 fxe4 37. Qa3 e3 38. Rc5 Rxc5 39. dxc5 Qc6+ 40. Kg1 Qe4
41. Qc3+ Kh7 42. Qf6 Qb1+ 43. Qf1 Qd3 44. Qf7+ Kh6 45. Qf3 g4 46. Qf1 Kg7 47.
Qe1 Kg8 48. b4 Re4 49. h3 gxh3 50. Kh2 Rxb4 51. Rxe3 Rb2+ 52. Kxh3 Qd7+ 53. g4
Qh7+ 54. Kg3 Qh2+ 55. Kf3 Qg2+ 56. Kf4 Rf2+ 57. Ke5 Rf7 58. Kd4 Qxg4+ 59. Kc3
Rd7 60. Kb3 Qf5 61. Qc3 Qd5+ 62. Ka3 Qf7 63. Rh3 Qg7 64. Qc4+ Rf7 65. Rf3 Kf8
66. Rxf7+ Qxf7 67. Qd4 Ke8 68. Qe4+ Kd8 69. Qe5 Kc8 70. Kb4 Qd7 71. Qh8+ Qd8
72. Qh3+ Kb8 73. Qg3+ Ka7 74. Qe3 Ka8 75. Qe5 Qd2+ 76. Ka4 Qd7+ 77. Ka3 Qb5 78.
Qh8+ Ka7 79. Qc3 g5 80. c6 bxc6 81. Qg7+ Ka8 82. Qg8+ Qb8 83. Qxg5 Qd6+ 84. Ka4
c5 85. Qg8+ Kb7 86. Qf7+ Kc6 87. Qe8+ Kd5 88. Qf7+ Qe6 89. Qh5+ Qe5 90. Qf7+
Kd4 91. Qf2+ Qe3 92. Qb2+ Kd3 93. Qc2+ Kd4 94. Qxc5+ Kxc5 1/2-1/2

[Event "Europa ch 2014"]
[Site "Yerevan ARM"]
[Date "2014.03.05"]
[Round "3.61"]
[White "Golod, Vitali"]
[Black "Charochkina, Daria"]
[Result "0-1"]
[WhiteElo "2573"]
[BlackElo "2374"]
[PlyCount "76"]
[EventDate "2014.03.03"]
[EventType "swiss"]
[EventRounds "11"]
[EventCountry "ARM"]
[Source "lmi"]
[SourceDate "2014.03.02"]

1. d4 Nf6 2. c4 g6 3. Nc3 d5 4. Bf4 Bg7 5. e3 O-O 6. Nf3 c5 7. dxc5 Ne4 8. Rc1
Nd7 9. cxd5 Nxc3 10. bxc3 Qa5 11. Be2 Bxc3+ 12. Kf1 Nxc5 13. Be5 Bxe5 14. Nxe5
Ne4 15. Qd4 Nd6 16. h4 Bf5 17. g4 Rac8 18. Rxc8 Rxc8 19. gxf5 Rc1+ 20. Bd1 Nxf5
21. Qd3 Qxa2 22. Nf3 Qa4 23. Ke2 Qa2+ 24. Nd2 Qb2 25. h5 Rc3 26. Qb1 Qa3 27.
Qxb7 Rxe3+ 28. fxe3 Qxe3+ 29. Kf1 Qxd2 30. Qb8+ Kg7 31. h6+ Kf6 32. Be2 Qc1+
33. Kg2 Qg5+ 34. Kf3 Qe3+ 35. Kg2 Qe4+ 36. Kh3 Qh4+ 37. Kg2 Ne3+ 38. Kg1 Qd4
0-1

[Event "Europa ch 2014"]
[Site "Yerevan ARM"]
[Date "2014.03.05"]
[Round "3.62"]
[White "Parligras, Mircea-Emilian"]
[Black "Chighladze, Iveri"]
[Result "1-0"]
[WhiteElo "2572"]
[BlackElo "2365"]
[PlyCount "65"]
[EventDate "2014.03.03"]
[EventType "swiss"]
[EventRounds "11"]
[EventCountry "ARM"]
[Source "lmi"]
[SourceDate "2014.03.02"]

1. d4 d5 2. c4 e6 3. Nc3 Nf6 4. Nf3 Be7 5. Bf4 O-O 6. a3 c5 7. dxc5 Bxc5 8. e3
Nc6 9. Qc2 Qa5 10. Rd1 Be7 11. Be2 dxc4 12. Bxc4 a6 13. O-O b5 14. Bd3 Bb7 15.
Ne4 h6 16. Nxf6+ Bxf6 17. Bh7+ Kh8 18. Rd7 Bc8 19. Rc7 e5 20. Qxc6 Be6 21. Bxe5
Bxe5 22. Nxe5 Kxh7 23. Nxf7 Bxf7 24. Rxf7 Rxf7 25. Qe4+ g6 26. Qxa8 Qd2 27. b4
Rf6 28. Qb7+ Kg8 29. e4 Qd4 30. Qd5+ Qxd5 31. exd5 Kf7 32. Rc1 Ke7 33. Rc7+ 1-0

[Event "Europa ch 2014"]
[Site "Yerevan ARM"]
[Date "2014.03.05"]
[Round "3.63"]
[White "Ben Artzi, Ido"]
[Black "Vaganian, Rafael A"]
[Result "0-1"]
[WhiteElo "2370"]
[BlackElo "2570"]
[PlyCount "70"]
[EventDate "2014.03.03"]
[EventType "swiss"]
[EventRounds "11"]
[EventCountry "ARM"]
[Source "lmi"]
[SourceDate "2014.03.02"]

1. d4 d5 2. c4 e6 3. Nc3 Be7 4. cxd5 exd5 5. Bf4 c6 6. e3 Bf5 7. Nge2 Nd7 8.
Ng3 Bg6 9. Be2 Ngf6 10. h4 h5 11. Bd3 Bxd3 12. Qxd3 g6 13. O-O-O Qa5 14. Kb1
Nb6 15. e4 dxe4 16. Ngxe4 O-O-O 17. Qh3+ Rd7 18. Nxf6 Bxf6 19. Ne4 Be7 20. Bg5
f5 21. Bxe7 Rxe7 22. Nd6+ Kb8 23. Qg3 Ka8 24. Qxg6 Re2 25. Rh3 Qd5 26. Qf6 Rb8
27. Re3 Rxe3 28. fxe3 Qxg2 29. Qxf5 Qh2 30. Ne4 Qxh4 31. Qf3 Re8 32. Nd6 Rd8
33. Nf5 Qh2 34. Rh1 Qd2 35. Rd1 Nc4 0-1

[Event "Europa ch 2014"]
[Site "Yerevan ARM"]
[Date "2014.03.05"]
[Round "3.64"]
[White "Hayrapetian, Arman"]
[Black "Kuljasevic, Davorin"]
[Result "1-0"]
[WhiteElo "2367"]
[BlackElo "2567"]
[PlyCount "117"]
[EventDate "2014.03.03"]
[EventType "swiss"]
[EventRounds "11"]
[EventCountry "ARM"]
[Source "lmi"]
[SourceDate "2014.03.02"]

1. e4 e5 2. Nf3 Nc6 3. Nc3 Nf6 4. d4 exd4 5. Nxd4 Bb4 6. Nxc6 bxc6 7. Bd3 O-O
8. O-O Re8 9. Qf3 Rb8 10. Bg5 Bd6 11. Bxf6 Qxf6 12. Qxf6 gxf6 13. Rab1 Be5 14.
Nd1 d5 15. exd5 cxd5 16. c3 a5 17. Ne3 Be6 18. Rfc1 c5 19. b3 Rbd8 20. Rc2 Bf4
21. Rf1 a4 22. bxa4 c4 23. Be2 Ra8 24. Bf3 Bxe3 25. fxe3 Bf5 26. Rb2 Bd3 27.
Re1 Rxa4 28. Bxd5 Ra5 29. Bf3 Ra3 30. Bd5 Re5 31. e4 f5 32. Rb7 Bxe4 33. Bxf7+
Kf8 34. Bxc4 Rxc3 35. Bb3 h5 36. Rf7+ Ke8 37. Rh7 Rec5 38. Rxh5 Rc1 39. Rxc1
Rxc1+ 40. Kf2 Kd7 41. Rh6 Rc3 42. h4 Rc1 43. h5 Rh1 44. g3 Rh3 45. a4 Rh2+ 46.
Ke3 Rb2 47. Rb6 Kc7 48. a5 Rg2 49. Kf4 Rf2+ 50. Ke5 Rf3 51. g4 Bd3 52. Bd5 Rh3
53. Rb7+ Kc8 54. Kd6 Be4 55. Bxe4 fxe4 56. Re7 Rd3+ 57. Kc6 Rc3+ 58. Kd5 e3 59.
h6 1-0

[Event "Europa ch 2014"]
[Site "Yerevan ARM"]
[Date "2014.03.05"]
[Round "3.66"]
[White "Shahinyan, David"]
[Black "Palac, Mladen"]
[Result "0-1"]
[WhiteElo "2356"]
[BlackElo "2561"]
[PlyCount "74"]
[EventDate "2014.03.03"]
[EventType "swiss"]
[EventRounds "11"]
[EventCountry "ARM"]
[Source "lmi"]
[SourceDate "2014.03.02"]

1. e4 c5 2. Nc3 Nc6 3. g3 g6 4. Bg2 Bg7 5. d3 d6 6. Be3 Rb8 7. Qd2 b5 8. Nge2
Nd4 9. O-O b4 10. Nd1 e5 11. Nc1 Ne7 12. c3 Ne6 13. Bh6 O-O 14. Bxg7 Kxg7 15.
Ne3 f5 16. exf5 gxf5 17. f4 exf4 18. gxf4 Ng6 19. Ne2 Nh4 20. Bh1 bxc3 21. bxc3
Bb7 22. Rae1 Qd7 23. c4 Kh8 24. Ng3 Nd4 25. Qd1 Bxh1 26. Kxh1 Qb7+ 27. Nd5 Qb2
28. Rg1 Nhf3 29. Rg2 Nxe1 30. Rxb2 Rxb2 31. Ne3 Nef3 32. Nef1 Re8 33. Qc1 Rxa2
34. Qb1 Rxh2+ 35. Nxh2 Re1+ 36. Qxe1 Nxe1 37. Nhf1 a5 0-1